Central Library OPAC University of Rajshahi

A history of folktale collections in India, Bangladesh, and Pakistan / (Record no. 7482)

MARC details
000 -LEADER
fixed length control field 01052nam a2200313 4500
001 - CONTROL NUMBER
control field 7482
003 - CONTROL NUMBER IDENTIFIER
rucl marc code BD-RjUL
005 - DATE AND TIME OF LATEST TRANSACTION
control field 20211208234424.0
008 - FIXED-LENGTH DATA ELEMENTS--GENERAL INFORMATION
fixed length control field 14 s1982 ii b 001 0 eng d
035 ## - SYSTEM CONTROL NUMBER
System control number (BD-RjUL)7526
040 ## - CATALOGING SOURCE
Original cataloging agency BD-RjUL
Language of cataloging eng
Transcribing agency BD-RjUL
041 ## - LANGUAGE CODE
Language code of text/sound track or separate title eng
082 04 - DEWEY DECIMAL CLASSIFICATION NUMBER
Edition number 16
Classification number 398.20954
Author mark and year ISH 1982
100 1# - MAIN ENTRY--PERSONAL NAME
Personal name Islam, Mazharul.
9 (RLIN) 20856
245 12 - TITLE STATEMENT
Title A history of folktale collections in India, Bangladesh, and Pakistan /
Statement of responsibility, etc. Mazharul Islam
250 ## - EDITION STATEMENT
Edition statement 2nd enl. ed
260 ## - PUBLICATION, DISTRIBUTION, ETC. (IMPRINT)
Place of publication, distribution, etc. Calcutta ;
Name of publisher, distributor, etc. Panchali :
-- Distributor, Biswas Book Stall,
Date of publication, distribution, etc. 1982
300 ## - PHYSICAL DESCRIPTION
Pagination x, 260 p. ;
Size 22 cm.
500 ## - GENERAL NOTE
General note Rev. ed. of: A history of folktale collections in India and Pakistan. 1st ed. 1970
General note Revision of the author's thesis (Ph. D.--Indiana University, 1963)
504 ## - BIBLIOGRAPHY, ETC. NOTE
Bibliography, etc Bibliography: p. [218]-246
Bibliography, etc Includes index
650 #0 - SUBJECT ADDED ENTRY--TOPICAL TERM
Topical term or geographic name as entry element Tales
Geographic subdivision Asia
9 (RLIN) 23363
Topical term or geographic name as entry element Tales
Geographic subdivision Bangladesh
9 (RLIN) 23364
Topical term or geographic name as entry element Tales
Geographic subdivision India
9 (RLIN) 23365
Topical term or geographic name as entry element Tales
Geographic subdivision Pakistan
9 (RLIN) 23367
942 ## - ADDED ENTRY ELEMENTS (KOHA)
Source of classification or shelving scheme Dewey Decimal Classification
Koha item type Books
Holdings
Lost status Source of classification or shelving scheme Damaged status Not for loan Collection code Permanent Location Current Location Shelving location Date acquired Source of acquisition Cost, normal purchase price Total Checkouts Full call number Date last seen Copy number Koha item type Date checked out
  Dewey Decimal Classification     Non-fiction Central Library, University of Rajshahi Central Library, University of Rajshahi   24/09/1998 Mazharul islam 360.00   398.20954 ISH 1982 15/01/2014 C-7 Books  
  Dewey Decimal Classification     Non-fiction Central Library, University of Rajshahi Central Library, University of Rajshahi   07/09/1984 Mazharul islam 360.00   398.20954 ISH 1982 24/08/2016 C-2 Books  
  Dewey Decimal Classification     Non-fiction Central Library, University of Rajshahi Central Library, University of Rajshahi   24/09/1998 Mazharul islam 360.00   398.20954 ISH 1982 24/08/2016 C-3 Books  
  Dewey Decimal Classification     Non-fiction Central Library, University of Rajshahi Central Library, University of Rajshahi   24/09/1998 Mazharul islam 360.00 1 398.20954 ISH 1982 20/03/2017 C-4 Books 12/03/2017
  Dewey Decimal Classification     Non-fiction Central Library, University of Rajshahi Central Library, University of Rajshahi   24/09/1998 Mazharul islam 360.00   398.20954 ISH 1982 24/08/2016 C-5 Books  
  Dewey Decimal Classification     Non-fiction Central Library, University of Rajshahi Central Library, University of Rajshahi   24/09/1998 Mazharul islam 360.00   398.20954 ISH 1982 24/08/2016 C-6 Books  
  Dewey Decimal Classification     Non-fiction Central Library, University of Rajshahi Central Library, University of Rajshahi   24/09/1998 Mazharul islam 360.00   398.20954 ISH 1982 24/08/2016 C-8 Books  
  Dewey Decimal Classification     Non-fiction Central Library, University of Rajshahi Central Library, University of Rajshahi   24/09/1998 Mazharul islam 360.00   398.20954 ISH 1982 24/08/2016 C-9 Books  
  Dewey Decimal Classification     Non-fiction Central Library, University of Rajshahi Central Library, University of Rajshahi   24/09/1998 Mazharul islam 360.00   398.20954 ISH 1982 24/08/2016 C-10 Books  
  Dewey Decimal Classification   Not For Loan Non-fiction Central Library, University of Rajshahi Central Library, University of Rajshahi Reading Room 24/09/1998 Mazharul Islam 360.00   398.20954 ISH 1982 03/01/2017 C-1 Books